000
00265nam a2200121Ia 4500
008
190216s9999||||xx |||||||||||||| ||und||
100
_a
Gujral J S
245
0
_a
Principles Of Mangement
260
_b
Null
_c
1977
300
_a
191p
650
_a
Commerce
942
_c
BK
999
_c
4198
_d
4198